Quinquim Labareda (Record no. 71904)

MARC details
000 -LÍDER
campo de controle de tamanho fixo 00392 a2200169 4500
001 - NÚMERO DE CONTROLE
campo de controle 71904
020 ## - ISBN - INTERNATIONAL STANDARD BOOK NUMBER
ISBN - International Standard Book Number 850800723X
040 ## - FONTE DA CATALOGAÇÃO
Instituição que transcreveu o registro Anchieta - Colégio São Paulo
100 ## - ENTRADA PRINCIPAL--NOME PESSOAL
Nome pessoal Penteado, Maria Heloísa
240 10 - TÍTULO UNIFORME
Título uniforme Quinquim Labareda
Idioma da obra por
245 10 - TÍTULO
Título Quinquim Labareda
300 ## - DESCRIÇÃO FÍSICA
Extensão 63 [1p.]
362 0# - DATAS DE PUBLICAÇÃO E/OU DESIGNAÇÃO SEQUENCIAL
Datas de publicação e/ou designação sequencial 1997
440 #1 - DECLARAÇÃO DE SÉRIE/ENTRADA ADICIONADA--TÍTULO
Título Ática
650 #4 - ASSUNTO--TERMO TÓPICO
Cabeçalho tópico ou nome geográfico Literatura infanto-juvenil
942 ## - ELEMENTOS DE ENTRADA ADICIONADOS (KOHA)
Tipo de material Koha Livros
Holdings
Situação do descarte Situação das perdas Situação física Não pode ser emprestado Biblioteca de origem Biblioteca atual Data de aquisição Total de empréstimos Número de chamada completo Código de barras Data de último acesso Data do preço efetivo Tipo de material Koha
        Colégio São Paulo Colégio São Paulo 22/11/2023   028.5 P419 1201/CSP 22/11/2023 22/11/2023 Livros
        Colégio São Paulo Colégio São Paulo 22/11/2023   028.5 P419 1202/CSP 22/11/2023 22/11/2023 Livros